[Event "18MCRE_F"]
[Site "?"]
[Date "2006.??.??"]
[Round "?"]
[White "Glaser, Karel"]
[Black "Postl, Rostislav"]
[Result "0-1"]
[WhiteElo "2159"]
[BlackElo "2319"]
[PlyCount "42"]
[EventDate "2006.??.??"]
[EventType "corr"]

1. e4 c5 2. Nf3 d6 3. d4 cxd4 4. Nxd4 Nf6 5. Nc3 a6 6. Be3 e5 7. Nb3 Be6 8. f3
Be7 9. Qd2 O-O 10. O-O-O Nbd7 11. g4 b5 12. g5 b4 13. Ne2 Ne8 14. f4 a5 15. f5
a4 16. fxe6 axb3 17. cxb3 fxe6 18. Bh3 Rxa2 19. Bxe6+ Kh8 20. Ng3 Nc7 21. Bc5
Nxe6 0-1

[Event "18MCRE_F"]
[Site "?"]
[Date "2006.??.??"]
[Round "?"]
[White "Postl, Rostislav"]
[Black "Sochor, Frantisek"]
[Result "1/2-1/2"]
[WhiteElo "2319"]
[BlackElo "2344"]
[PlyCount "33"]
[EventDate "2006.??.??"]
[EventType "corr"]

1. e4 c5 2. Nf3 d6 3. Bb5+ Bd7 4. Bxd7+ Qxd7 5. O-O Nc6 6. d4 cxd4 7. Nxd4 Nf6
8. Re1 g6 9. Nxc6 bxc6 10. b3 Bg7 11. Bb2 O-O 12. Nd2 Rfd8 13. Qe2 Qg4 14. Qxg4
Nxg4 15. Bxg7 Kxg7 16. Rad1 g5 17. Nc4 1/2-1/2

[Event "18MCRE_F"]
[Site "?"]
[Date "2006.??.??"]
[Round "?"]
[White "Brousek, Jiri"]
[Black "Glaser, Karel"]
[Result "1-0"]
[WhiteElo "2353"]
[BlackElo "2159"]
[PlyCount "81"]
[EventDate "2006.??.??"]
[EventType "corr"]

1. d4 Nf6 2. Nf3 e6 3. e3 d5 4. Bd3 Nbd7 5. O-O c5 6. b3 Bd6 7. Bb2 Qc7 8. Nbd2
e5 9. dxe5 Nxe5 10. Bb5+ Kf8 11. Be2 Neg4 12. h3 h5 13. Bd3 Be6 14. c4 Re8 15.
Qc2 dxc4 16. Nxc4 Nh2 17. Nxh2 Bxh2+ 18. Kh1 Bxc4 19. Qxc4 Be5 20. Bxe5 Qxe5
21. Rac1 b6 22. b4 cxb4 23. Qxb4+ Kg8 24. Qa4 Qb8 25. Rc6 Nd7 26. Bb5 Rf8 27.
Qc2 h4 28. Rd1 Nf6 29. Be2 Rh6 30. Rd4 Qe5 31. Rc7 a5 32. Rc6 g5 33. Bf3 Kg7
34. Qb1 Rb8 35. Kg1 Rhh8 36. Rdd6 Rh6 37. Rxb6 Rc8 38. Qb3 Rc7 39. Rd4 Rc5 40.
Rb7 Rc7 41. Rb5 1-0

[Event "18MCRE_F"]
[Site "?"]
[Date "2006.??.??"]
[Round "?"]
[White "Bucek, Jiri"]
[Black "Glaser, Karel"]
[Result "1/2-1/2"]
[WhiteElo "2348"]
[BlackElo "2159"]
[PlyCount "47"]
[EventDate "2006.??.??"]
[EventType "corr"]

1. e4 e5 2. Nf3 Nc6 3. Bb5 a6 4. Ba4 Nf6 5. O-O Be7 6. Re1 b5 7. Bb3 d6 8. a4
Bg4 9. c3 O-O 10. h3 Bh5 11. g4 Bg6 12. d3 Na5 13. Bc2 c5 14. Nbd2 b4 15. Nh4
Rb8 16. Nf5 Re8 17. Nc4 bxc3 18. bxc3 Nxc4 19. dxc4 Bxf5 20. gxf5 Kh8 21. a5
Rg8 22. Kh2 g6 23. Qf3 Qc8 24. Rg1 1/2-1/2

[Event "18MCRE_F"]
[Site "?"]
[Date "2006.??.??"]
[Round "?"]
[White "Sochor, Frantisek"]
[Black "Pravec, Ladislav"]
[Result "1/2-1/2"]
[WhiteElo "2344"]
[BlackElo "2401"]
[PlyCount "33"]
[EventDate "2006.??.??"]
[EventType "corr"]

1. e4 c5 2. Nf3 d6 3. d4 cxd4 4. Nxd4 Nf6 5. Nc3 a6 6. Be2 g6 7. Be3 Bg7 8. O-O
O-O 9. f4 Nbd7 10. a4 Qc7 11. g4 e5 12. Nb3 exf4 13. Bxf4 Re8 14. Qxd6 Qxd6 15.
Bxd6 Nxe4 16. Nxe4 Rxe4 17. Bf3 1/2-1/2

[Event "18MCRE_F"]
[Site "?"]
[Date "2006.??.??"]
[Round "?"]
[White "Sochor, Frantisek"]
[Black "Kuta, Jiri"]
[Result "1/2-1/2"]
[WhiteElo "2344"]
[BlackElo "2310"]
[PlyCount "51"]
[EventDate "2006.??.??"]
[EventType "corr"]

1. e4 c5 2. Nf3 Nc6 3. d4 cxd4 4. Nxd4 Nf6 5. Nc3 e5 6. Ndb5 d6 7. Nd5 Nxd5 8.
exd5 Nb8 9. c4 Be7 10. Bd3 a6 11. Nc3 O-O 12. O-O f5 13. f3 Bg5 14. Bxg5 Qxg5
15. f4 exf4 16. Qe2 Qh6 17. Bc2 Bd7 18. Qf2 a5 19. Qxf4 Qxf4 20. Rxf4 Na6 21.
Re1 g6 22. Re7 Nc5 23. Rf2 Rf7 24. Rfe2 Kf8 25. Rxf7+ Kxf7 26. Kf2 1/2-1/2

[Event "18MCRE_F"]
[Site "?"]
[Date "2006.??.??"]
[Round "?"]
[White "Glaser, Karel"]
[Black "Sochor, Frantisek"]
[Result "0-1"]
[WhiteElo "2159"]
[BlackElo "2344"]
[PlyCount "86"]
[EventDate "2006.??.??"]
[EventType "corr"]

1. e4 c5 2. Nf3 d6 3. d4 cxd4 4. Nxd4 Nf6 5. Nc3 a6 6. Be3 e6 7. Be2 Qc7 8. a4
b6 9. f4 Bb7 10. Bf3 Nbd7 11. Qe2 Nc5 12. Bf2 Be7 13. O-O O-O 14. Rfe1 Rac8 15.
Rad1 Rfe8 16. e5 dxe5 17. fxe5 Nfd7 18. b4 Bxf3 19. Nxf3 Nb7 20. Na2 a5 21. Qb5
Red8 22. c3 Qc6 23. Qxc6 Rxc6 24. Re2 Kf8 25. Rd4 Rc7 26. Red2 Ke8 27. Kf1 axb4
28. cxb4 Ra8 29. Bh4 Bxh4 30. Rxh4 h6 31. b5 Na5 32. Rdd4 Rc5 33. Rhe4 Rac8 34.
Nb4 Nb3 35. Rd1 Rc4 36. Rxc4 Rxc4 37. Nc6 Rxa4 38. Rd3 Ra1+ 39. Kf2 Ra2+ 40.
Kf1 Rb2 41. Re3 Na5 42. Nfd4 Nc4 43. Re4 Nd2+ 0-1

[Event "18MCRE_F"]
[Site "?"]
[Date "2006.??.??"]
[Round "?"]
[White "Sochor, Frantisek"]
[Black "Brousek, Jiri"]
[Result "1-0"]
[WhiteElo "2344"]
[BlackElo "2319"]
[PlyCount "83"]
[EventDate "2006.??.??"]
[EventType "corr"]

1. e4 e6 2. d4 d5 3. Nc3 Nf6 4. Bg5 dxe4 5. Nxe4 Be7 6. Bxf6 gxf6 7. Nf3 Rg8 8.
Qd2 Qd5 9. Qf4 Nd7 10. Nc3 Bb4 11. Qxc7 Ba5 12. Qf4 Bxc3+ 13. bxc3 Qa5 14. Bd3
Qxc3+ 15. Ke2 h5 16. g3 b6 17. Qe4 Rb8 18. Qh7 Rf8 19. Rhe1 Bb7 20. Rad1 Rc8
21. Qxh5 Ke7 22. h4 a5 23. Kf1 Rh8 24. Qg4 Bd5 25. Nd2 Bxa2 26. Qf4 Bd5 27. Ne4
Qc7 28. Qc1 Bxe4 29. Bxe4 Rhd8 30. d5 Ne5 31. h5 Qc5 32. h6 Rd6 33. h7 Rh8 34.
Re2 Qc4 35. Qh6 Qc8 36. Qh4 Qf8 37. Bf5 Nf3 38. Qh5 Ne5 39. f4 Nd7 40. dxe6
Rxd1+ 41. Kg2 Ne5 42. fxe5 1-0

[Event "18MCRE_F"]
[Site "?"]
[Date "2006.??.??"]
[Round "?"]
[White "Glaser, Karel"]
[Black "Valak, Alois"]
[Result "0-1"]
[WhiteElo "2159"]
[BlackElo "2333"]
[PlyCount "88"]
[EventDate "2006.??.??"]
[EventType "corr"]

1. e4 e5 2. Nf3 Nc6 3. Bb5 Nf6 4. O-O Nxe4 5. d4 Nd6 6. Bxc6 dxc6 7. dxe5 Nf5
8. Qxd8+ Kxd8 9. Nc3 Ne7 10. h3 Ng6 11. Bg5+ Ke8 12. Rad1 Be7 13. Bxe7 Kxe7 14.
Nd4 Nf4 15. Kh2 Rd8 16. Kg3 Nd5 17. Ne4 Kf8 18. Rfe1 Ne7 19. Kh2 h6 20. c4 Ng6
21. Nc5 Re8 22. e6 b6 23. Nd7+ Bxd7 24. exd7 Rxe1 25. Rxe1 Rd8 26. Nxc6 Rxd7
27. Re2 Nf4 28. Rc2 a5 29. Ne5 Re7 30. Nc6 Re2 31. Rxe2 Nxe2 32. c5 f6 33. cxb6
cxb6 34. Na7 a4 35. Nc8 b5 36. a3 Kf7 37. Nd6+ Ke6 38. Nxb5 Kd5 39. Nc7+ Kc4
40. Na6 Nf4 41. Kg3 Nd3 42. Kf3 g6 43. Ke3 Nxb2 44. f3 Nd3 0-1

[Event "18MCRE_F"]
[Site "?"]
[Date "2006.??.??"]
[Round "?"]
[White "Bucek, Jiri"]
[Black "Valak, Alois"]
[Result "1/2-1/2"]
[WhiteElo "2348"]
[BlackElo "2333"]
[PlyCount "37"]
[EventDate "2006.??.??"]
[EventType "corr"]

1. e4 e6 2. d4 d5 3. Nd2 c5 4. Ngf3 Nc6 5. exd5 exd5 6. Bb5 Qe7+ 7. Be2 Nf6 8.
O-O Qc7 9. Re1 Be6 10. dxc5 Bxc5 11. Nb3 Bb6 12. Nfd4 O-O 13. c3 Rae8 14. a4
Bd7 15. Bg5 Ng4 16. Bxg4 Rxe1+ 17. Qxe1 Bxg4 18. Qd2 Re8 19. h3 1/2-1/2

[Event "18MCRE_F"]
[Site "?"]
[Date "2006.??.??"]
[Round "?"]
[White "Valak, Alois"]
[Black "Kuta, Jiri"]
[Result "0-1"]
[WhiteElo "2333"]
[BlackElo "2310"]
[PlyCount "56"]
[EventDate "2006.??.??"]
[EventType "corr"]

1. e4 c5 2. Nf3 Nc6 3. d4 cxd4 4. Nxd4 Nf6 5. Nc3 e5 6. Ndb5 d6 7. Bg5 a6 8.
Na3 b5 9. Bxf6 gxf6 10. Nd5 f5 11. Bd3 Be6 12. O-O Bxd5 13. exd5 Ne7 14. Re1
Bg7 15. c3 O-O 16. Qh5 e4 17. Bf1 Re8 18. Rad1 Rc8 19. Qg5 Rc5 20. c4 Qa5 21.
Qg3 Rd8 22. Rb1 Qb4 23. Nc2 Qa4 24. Ne3 bxc4 25. Bxc4 a5 26. a3 Kh8 27. Qg5 Qd7
28. Bb5 Rxb5 0-1

[Event "18MCRE_F"]
[Site "?"]
[Date "2006.??.??"]
[Round "?"]
[White "Laurenc, Petr"]
[Black "Sykora, Josef"]
[Result "1/2-1/2"]
[WhiteElo "2484"]
[BlackElo "2389"]
[PlyCount "38"]
[EventDate "2006.??.??"]
[EventType "corr"]

1. d4 d5 2. c4 c6 3. Nf3 e6 4. Qc2 Nf6 5. Bg5 h6 6. Bh4 Be7 7. e3 O-O 8. Nc3
Nbd7 9. a3 b6 10. cxd5 cxd5 11. Bd3 Bb7 12. O-O Rc8 13. Rfc1 Ne4 14. Bxe7 Qxe7
15. Qb3 Nxc3 16. Rxc3 Rxc3 17. Qxc3 Rc8 18. Qd2 Qd6 19. Rc1 Rxc1+ 1/2-1/2

[Event "18MCRE_F"]
[Site "?"]
[Date "2006.??.??"]
[Round "?"]
[White "Prepiora, Vaclav"]
[Black "Glaser, Karel"]
[Result "1-0"]
[WhiteElo "2414"]
[BlackElo "2159"]
[PlyCount "87"]
[EventDate "2006.??.??"]
[EventType "corr"]

1. e4 e5 2. Nf3 Nc6 3. Bb5 a6 4. Ba4 Nf6 5. O-O Be7 6. d4 exd4 7. Re1 O-O 8. e5
Ne8 9. Nxd4 Nxd4 10. Qxd4 b5 11. Bb3 c5 12. Qe4 Rb8 13. Bd5 Nc7 14. Bf4 Nxd5
15. Qxd5 Bb7 16. Qd3 Bg5 17. Bg3 c4 18. Qd4 f5 19. f3 d5 20. Nc3 b4 21. Ne2 Ba8
22. a3 Be7 23. axb4 Rxb4 24. Bf2 Bb7 25. f4 Qe8 26. Qc3 Qg6 27. Bd4 Bc8 28. Qd2
Rb8 29. Bc3 Rd8 30. Nd4 Re8 31. Re3 Bc5 32. Kh1 Qb6 33. Rg3 Rb7 34. Qd1 Be6 35.
Rg5 Rbb8 36. g4 h6 37. Rg6 Bxd4 38. Bxd4 Qb7 39. Rxe6 Rxe6 40. gxf5 Rb6 41. Qg4
Rxb2 42. f6 Rb1+ 43. Kg2 Rxa1 44. e6 1-0

[Event "18MCRE_F"]
[Site "?"]
[Date "2006.??.??"]
[Round "?"]
[White "Postl, Rostislav"]
[Black "Valak, Alois"]
[Result "1/2-1/2"]
[WhiteElo "2319"]
[BlackElo "2333"]
[PlyCount "69"]
[EventDate "2006.??.??"]
[EventType "corr"]

1. e4 e6 2. d4 d5 3. Nc3 Bb4 4. e5 c5 5. a3 Bxc3+ 6. bxc3 Ne7 7. Nf3 Qa5 8. Bd2
Nbc6 9. Be2 O-O 10. O-O c4 11. Re1 Bd7 12. Nh4 Ng6 13. Nxg6 fxg6 14. Bg4 b6 15.
Qe2 Rf7 16. Reb1 Raf8 17. f4 Ne7 18. Qe1 Nf5 19. Bf3 Ba4 20. Rb2 Bd7 21. Rba2
Ne7 22. Kh1 Bc8 23. a4 Nc6 24. Rb2 Bd7 25. Rb5 Qa6 26. Qc1 Ne7 27. Rb4 Nf5 28.
Be2 Qa5 29. Qa3 Re8 30. g3 Kh8 31. Kg2 Ref8 32. Bg4 Kg8 33. Qc1 Bc6 34. Kg1 Kh8
35. Qa3 1/2-1/2

[Event "18MCRE_F"]
[Site "?"]
[Date "2006.??.??"]
[Round "?"]
[White "Brousek, Jiri"]
[Black "Postl, Rostislav"]
[Result "1-0"]
[WhiteElo "2319"]
[BlackElo "2319"]
[PlyCount "129"]
[EventDate "2006.??.??"]
[EventType "corr"]

1. d4 d5 2. Nf3 Nf6 3. e3 e6 4. Bd3 c5 5. b3 Nc6 6. O-O Bd6 7. Bb2 O-O 8. dxc5
Bxc5 9. Nbd2 Qe7 10. a3 Bd6 11. c4 Rd8 12. b4 Ne4 13. Rc1 f5 14. Qb3 a5 15. b5
a4 16. Qa2 Nxd2 17. Nxd2 Ne5 18. Be2 Nxc4 19. Nxc4 dxc4 20. Bxc4 Kh8 21. Rfd1
Bd7 22. Qa1 Be8 23. Be2 e5 24. Rd2 Bc7 25. Rcd1 Rxd2 26. Rxd2 Bd6 27. Bd3 f4
28. exf4 exf4 29. Re2 Qd7 30. Re4 Rd8 31. Rd4 Qc7 32. Qd1 Qe7 33. Bf1 Bg6 34.
Bc1 f3 35. Bf4 Bc7 36. Rxd8+ Bxd8 37. Qxf3 Qe4 38. Qxe4 Bxe4 39. Bc4 Be7 40.
Bc1 Bc2 41. f4 Bb3 42. Bd3 Bc5+ 43. Kf1 Kg8 44. g4 Be6 45. f5 Bd5 46. h4 Bd4
47. Ke2 Kf7 48. g5 h6 49. Be3 Be5 50. Bc5 hxg5 51. hxg5 Bf4 52. g6+ Kf6 53.
Bd4+ Be5 54. Ke3 Bg2 55. Bb6 Bb2 56. Bd4+ Bxd4+ 57. Kxd4 b6 58. Kc4 Ke5 59. Kb4
Bf3 60. Kxa4 Kd4 61. Kb4 Kxd3 62. a4 Kd4 63. f6 gxf6 64. g7 Bd5 65. a5 1-0

[Event "18MCRE_F"]
[Site "?"]
[Date "2006.??.??"]
[Round "?"]
[White "Pravec, Ladislav"]
[Black "Sykora, Josef"]
[Result "1/2-1/2"]
[WhiteElo "2401"]
[BlackElo "2389"]
[PlyCount "36"]
[EventDate "2006.??.??"]
[EventType "corr"]

1. d4 d5 2. c4 c6 3. Nf3 e6 4. Qc2 Nf6 5. Bg5 h6 6. Bh4 Be7 7. e3 O-O 8. Nc3
Nbd7 9. Rd1 b6 10. cxd5 cxd5 11. Bd3 Bb7 12. O-O Rc8 13. Qb1 a6 14. Rc1 b5 15.
Ne2 Bd6 16. Rxc8 Qxc8 17. Bg3 Bxg3 18. Nxg3 Qb8 1/2-1/2

[Event "18MCRE_F"]
[Site "?"]
[Date "2006.??.??"]
[Round "?"]
[White "Firla, Stanislav"]
[Black "Zahour, Jiri"]
[Result "1/2-1/2"]
[WhiteElo "2362"]
[BlackElo "2320"]
[PlyCount "53"]
[EventDate "2006.??.??"]
[EventType "corr"]

1. e4 c5 2. Nf3 Nc6 3. Bc4 e6 4. Qe2 a6 5. c3 Be7 6. Bb3 d5 7. d3 Nf6 8. O-O
O-O 9. Bg5 b5 10. e5 Nd7 11. Bxe7 Qxe7 12. d4 f6 13. exf6 Qxf6 14. Nbd2 c4 15.
Bc2 e5 16. dxe5 Ndxe5 17. Nxe5 Nxe5 18. Rae1 Ng6 19. Bxg6 Qxg6 20. Qe5 Bb7 21.
Qd4 Rae8 22. f4 Qc2 23. Rxe8 Rxe8 24. f5 Qd3 25. Nb3 Qe4 26. f6 gxf6 27. Qxf6
1/2-1/2

[Event "18MCRE_F"]
[Site "?"]
[Date "2006.??.??"]
[Round "?"]
[White "Sykora, Josef"]
[Black "Nejtek, Jiri"]
[Result "1/2-1/2"]
[WhiteElo "2389"]
[BlackElo "2360"]
[PlyCount "52"]
[EventDate "2006.??.??"]
[EventType "corr"]

1. e4 c5 2. Nf3 d6 3. d4 cxd4 4. Nxd4 Nf6 5. Nc3 a6 6. f3 e6 7. Be3 b5 8. g4 h6
9. Qd2 b4 10. Na4 Nbd7 11. O-O-O Ne5 12. b3 Bd7 13. Nb2 d5 14. Bf4 Nxf3 15.
Nxf3 Nxe4 16. Qd4 f6 17. Re1 Bc5 18. Qd3 Bb5 19. Nc4 f5 20. gxf5 exf5 21. Bc7
Qd7 22. Bh3 O-O 23. Nce5 Qe6 24. Nd4 Bxd4 25. Qxd4 Rac8 26. Ba5 Rfe8 1/2-1/2

[Event "18MCRE_F"]
[Site "?"]
[Date "2006.??.??"]
[Round "?"]
[White "Prepiora, Vaclav"]
[Black "Postl, Rostislav"]
[Result "1-0"]
[WhiteElo "2414"]
[BlackElo "2319"]
[PlyCount "91"]
[EventDate "2006.??.??"]
[EventType "corr"]

1. e4 c5 2. Nf3 d6 3. d4 cxd4 4. Nxd4 Nf6 5. Nc3 a6 6. Be2 e5 7. Nb3 Be7 8. O-O
O-O 9. Qd3 Be6 10. Nd5 Bxd5 11. exd5 Nbd7 12. a4 Rc8 13. c4 Nb6 14. Nd2 a5 15.
Qh3 Qd7 16. Qg3 Qd8 17. Qa3 Nfd7 18. b4 Bg5 19. bxa5 Bxd2 20. Bxd2 Nxc4 21.
Bxc4 Rxc4 22. Qxd6 Nc5 23. Qxe5 Re4 24. Qf5 g6 25. Qf3 Qxd5 26. Be3 Nb3 27.
Rad1 Qc6 28. a6 bxa6 29. Bh6 Rb8 30. Rb1 Qc4 31. h3 Ree8 32. Qg3 Qb4 33. Kh2 f5
34. Rfe1 Rxe1 35. Rxe1 Rd8 36. Re6 Nc5 37. Rxg6+ Kf7 38. Rg7+ Ke6 39. Rxh7 Kd5
40. Rf7 Ne4 41. Rxf5+ Kc6 42. Qh4 Qd4 43. Bf4 Rd7 44. Qh6+ Rd6 45. Bxd6 Qxd6+
46. Qxd6+ 1-0

[Event "18MCRE_F"]
[Site "?"]
[Date "2006.??.??"]
[Round "?"]
[White "Toman, Antonin"]
[Black "Brousek, Jiri"]
[Result "1/2-1/2"]
[WhiteElo "2248"]
[BlackElo "2319"]
[PlyCount "43"]
[EventDate "2006.??.??"]
[EventType "corr"]

1. e4 e6 2. d4 d5 3. e5 c5 4. Nf3 cxd4 5. Bd3 Bc5 6. O-O Ne7 7. Nbd2 Nbc6 8.
Nb3 Bb6 9. Bf4 Qc7 10. h4 Bd7 11. h5 h6 12. a4 a5 13. Qd2 Ba7 14. Rac1 Rc8 15.
Rfd1 Qb6 16. Rf1 Bb8 17. Bb5 Ba7 18. Rfd1 Qd8 19. Bd3 Bb6 20. Ra1 Ba7 21. Rac1
Bb6 22. Bb5 1/2-1/2

[Event "18MCRE_F"]
[Site "?"]
[Date "2006.??.??"]
[Round "?"]
[White "Brousek, Jiri"]
[Black "Prchly, Milos"]
[Result "1/2-1/2"]
[WhiteElo "2319"]
[BlackElo "2269"]
[PlyCount "53"]
[EventDate "2006.??.??"]
[EventType "corr"]

1. d4 Nf6 2. Nf3 d5 3. e3 c5 4. c4 e6 5. Nc3 Nc6 6. a3 a6 7. cxd5 exd5 8. Be2
cxd4 9. exd4 Be7 10. O-O O-O 11. Re1 Re8 12. Bf4 Be6 13. Ne5 Bd6 14. Nxc6 bxc6
15. Qd2 Ne4 16. Nxe4 dxe4 17. Bxd6 Qxd6 18. Rac1 a5 19. Rc5 a4 20. Rec1 Red8
21. Rxc6 Qxd4 22. Qxd4 Rxd4 23. Rd1 Rad8 24. Rxd4 Rxd4 25. Kf1 g6 26. Ke1 Bb3
27. Rb6 1/2-1/2

[Event "18MCRE_F"]
[Site "?"]
[Date "2006.??.??"]
[Round "?"]
[White "Nejtek, Jiri"]
[Black "Brousek, Jiri"]
[Result "1/2-1/2"]
[WhiteElo "2360"]
[BlackElo "2319"]
[PlyCount "44"]
[EventDate "2006.??.??"]
[EventType "corr"]

1. e4 e6 2. d4 d5 3. Nd2 Nf6 4. e5 Nfd7 5. Bd3 c5 6. c3 Nc6 7. Ne2 cxd4 8. cxd4
Qb6 9. Nf3 f6 10. exf6 Nxf6 11. O-O Bd6 12. b3 O-O 13. Bb2 Bd7 14. Ng3 Rac8 15.
Ne5 Nb4 16. Nxd7 Nxd7 17. Bb1 Nc6 18. a3 Rf4 19. Re1 Nf8 20. Bd3 Rc7 21. Ne2
Rff7 22. Rf1 Nd7 1/2-1/2

[Event "18MCRE_F"]
[Site "?"]
[Date "2006.??.??"]
[Round "?"]
[White "Brousek, Jiri"]
[Black "Sykora, Josef"]
[Result "1/2-1/2"]
[WhiteElo "2319"]
[BlackElo "2389"]
[PlyCount "50"]
[EventDate "2006.??.??"]
[EventType "corr"]

1. d4 d5 2. Nf3 c6 3. Bf4 Qb6 4. Qc1 Bf5 5. Nbd2 e6 6. e3 Nf6 7. c4 Nbd7 8. Be2
Be7 9. Nh4 Bg4 10. Bxg4 Nxg4 11. Nhf3 O-O 12. O-O Ndf6 13. c5 Qd8 14. Qc2 Nh5
15. Be5 Nhf6 16. Ng5 h6 17. Ngf3 Nxe5 18. Nxe5 Nd7 19. Nd3 Qc7 20. f4 b6 21. b4
Rfb8 22. a4 bxc5 23. bxc5 Rb7 24. Rfb1 Rab8 25. Rxb7 Rxb7 1/2-1/2

[Event "18MCRE_F"]
[Site "?"]
[Date "2006.??.??"]
[Round "?"]
[White "Bucek, Jiri"]
[Black "Prchly, Milos"]
[Result "1/2-1/2"]
[WhiteElo "2348"]
[BlackElo "2269"]
[PlyCount "51"]
[EventDate "2006.??.??"]
[EventType "corr"]

1. e4 e5 2. Nc3 Nf6 3. Nf3 Nc6 4. d4 exd4 5. Nxd4 Bb4 6. Nxc6 bxc6 7. Bd3 d5 8.
exd5 cxd5 9. Qe2+ Qe7 10. Qxe7+ Kxe7 11. O-O c5 12. Bf4 c4 13. Be2 Bf5 14. Rfe1
Bxc3 15. bxc3 Kd7 16. g4 Bg6 17. g5 Ne4 18. Bg4+ Kc6 19. Re3 h5 20. gxh6 gxh6
21. Rae1 Rhg8 22. Kf1 h5 23. Bh3 a5 24. f3 Nd6 25. Re7 Rgd8 26. R1e2 1/2-1/2

[Event "18MCRE_F"]
[Site "?"]
[Date "2006.??.??"]
[Round "?"]
[White "Bucek, Jiri"]
[Black "Sykora, Josef"]
[Result "1/2-1/2"]
[WhiteElo "2348"]
[BlackElo "2389"]
[PlyCount "56"]
[EventDate "2006.??.??"]
[EventType "corr"]

1. c4 e5 2. g3 Nf6 3. Bg2 d5 4. cxd5 Nxd5 5. Nf3 Nc6 6. O-O Nb6 7. b3 Bd6 8.
Bb2 Qe7 9. d4 e4 10. Nfd2 f5 11. Nc4 O-O 12. Nxd6 Qxd6 13. e3 Nb4 14. f3 exf3
15. Bxf3 c6 16. Nc3 N6d5 17. Qd2 Bd7 18. Ba3 Nxc3 19. Qxc3 a5 20. Rf2 Rae8 21.
Raf1 Rf6 22. Bh5 Ref8 23. Qc4+ Be6 24. Qc5 Qxc5 25. dxc5 Nd5 26. Bc1 g6 27. Bf3
R6f7 28. Bd2 a4 1/2-1/2

[Event "18MCRE_F"]
[Site "?"]
[Date "2006.??.??"]
[Round "?"]
[White "Kuta, Jiri"]
[Black "Brousek, Jiri"]
[Result "1/2-1/2"]
[WhiteElo "2310"]
[BlackElo "2319"]
[PlyCount "67"]
[EventDate "2006.??.??"]
[EventType "corr"]

1. d4 e6 2. e4 d5 3. e5 c5 4. c3 Qb6 5. Nf3 Bd7 6. a3 cxd4 7. cxd4 Bb5 8. Bxb5+
Qxb5 9. Nc3 Qa6 10. Bd2 Be7 11. b4 Qd3 12. Qa4+ Nc6 13. Rc1 Kf8 14. b5 Nd8 15.
Qc2 Qxc2 16. Rxc2 Rc8 17. Ke2 Ke8 18. Rhc1 Kd7 19. a4 Ba3 20. Ra1 Bb4 21. Rcc1
Ne7 22. a5 Bxc3 23. Bxc3 a6 24. bxa6 bxa6 25. Rab1 Rc7 26. Rb6 Rc6 27. Rb8 Rc8
28. Rb3 Rc7 29. Rcb1 Ndc6 30. Kd3 f6 31. Rb6 Rhc8 32. R1b3 Ra8 33. g3 Nc8 34.
Rb7 1/2-1/2

[Event "18MCRE_F"]
[Site "?"]
[Date "2006.??.??"]
[Round "?"]
[White "Zahour, Jiri"]
[Black "Laurenc, Petr"]
[Result "1/2-1/2"]
[WhiteElo "2320"]
[BlackElo "2484"]
[PlyCount "56"]
[EventDate "2006.??.??"]
[EventType "corr"]

1. e4 c5 2. Nf3 d6 3. Bb5+ Bd7 4. Bxd7+ Qxd7 5. O-O Nc6 6. c3 Nf6 7. d4 Nxe4 8.
d5 Ne5 9. Nxe5 dxe5 10. Re1 Nf6 11. c4 O-O-O 12. Nc3 e6 13. Bg5 h6 14. Bh4 Bd6
15. Qf3 exd5 16. cxd5 Kb8 17. Rac1 h5 18. Bxf6 gxf6 19. Ne4 f5 20. Nxd6 Qxd6
21. Qxf5 f6 22. Red1 h4 23. Rc3 Rdg8 24. b3 Rg7 25. Qe6 Qxe6 26. dxe6 Re7 27.
Rxc5 Rxe6 28. Rc4 a6 1/2-1/2

[Event "18MCRE_F"]
[Site "?"]
[Date "2006.??.??"]
[Round "?"]
[White "Kuta, Jiri"]
[Black "Glaser, Karel"]
[Result "1-0"]
[WhiteElo "2310"]
[BlackElo "2159"]
[PlyCount "73"]
[EventDate "2006.??.??"]
[EventType "corr"]

1. d4 Nf6 2. c4 e6 3. Nf3 d5 4. g3 c6 5. Qc2 dxc4 6. Qxc4 b5 7. Qd3 Bb7 8. Bg2
a6 9. a4 c5 10. axb5 c4 11. Qd1 axb5 12. Rxa8 Bxa8 13. O-O Bb4 14. Nc3 Qa5 15.
Bf4 Bxc3 16. bxc3 O-O 17. Qc2 Be4 18. Qb2 Nbd7 19. Ra1 Qb6 20. Ne5 Nxe5 21.
Bxe5 Bxg2 22. Kxg2 Ng4 23. Bf4 e5 24. Bxe5 Qc6+ 25. Kg1 Nxe5 26. dxe5 Qc5 27.
Ra5 Rb8 28. Qb4 Qxb4 29. cxb4 Rc8 30. Ra2 g5 31. f4 Kg7 32. Kf2 Kg6 33. Kf3 h6
34. e4 gxf4 35. gxf4 Rd8 36. f5+ Kh5 37. Kf4 1-0

[Event "18MCRE_F"]
[Site "?"]
[Date "2006.??.??"]
[Round "?"]
[White "Toman, Antonin"]
[Black "Bucek, Jiri"]
[Result "1/2-1/2"]
[WhiteElo "2248"]
[BlackElo "2348"]
[PlyCount "60"]
[EventDate "2006.??.??"]
[EventType "corr"]

1. e4 e5 2. Nc3 Nc6 3. Nge2 Bc5 4. Na4 d6 5. Nxc5 dxc5 6. Nc3 Be6 7. d3 a6 8.
Be3 Qd6 9. Qd2 Nf6 10. Be2 O-O-O 11. f4 Kb8 12. h3 h6 13. O-O-O exf4 14. Bxf4
Qd7 15. Bf3 Nd4 16. Kb1 Rhe8 17. Qf2 Ng8 18. b3 b6 19. Rhf1 Ne7 20. Qg3 g5 21.
Bc1 f5 22. exf5 Nexf5 23. Qh2 Nxf3 24. Rxf3 Bd5 25. Nxd5 Qxd5 26. Qh1 Nd4 27.
Rf2 Qe5 28. g4 Re6 29. Rdf1 Rde8 30. Rf8 Qd6 1/2-1/2

[Event "18MCRE_F"]
[Site "?"]
[Date "2006.??.??"]
[Round "?"]
[White "Glaser, Karel"]
[Black "Zahour, Jiri"]
[Result "0-1"]
[WhiteElo "2159"]
[BlackElo "2320"]
[PlyCount "98"]
[EventDate "2006.??.??"]
[EventType "corr"]

1. e4 c5 2. Nf3 Nc6 3. d4 cxd4 4. Nxd4 Nf6 5. Nc3 e5 6. Ndb5 d6 7. Bg5 a6 8.
Na3 b5 9. Bxf6 gxf6 10. Nd5 Bg7 11. c3 f5 12. Bd3 Ne7 13. Nxe7 Qxe7 14. Nc2 Qg5
15. O-O Bb7 16. f3 O-O 17. exf5 d5 18. f4 Qh6 19. Kh1 d4 20. cxd4 exd4 21. a4
bxa4 22. Rxa4 Kh8 23. Ne1 Rfe8 24. Qb3 Bc6 25. Ra5 Re3 26. Qc2 Bb7 27. Qd2 Rae8
28. Bc4 Qc6 29. Bd5 Qb6 30. Nc2 Qxb2 31. Bxb7 Re2 32. Qb4 Qxc2 33. Rxa6 Qxf5
34. Bf3 R2e3 35. Bc6 Rd8 36. Ra5 Qd3 37. Raa1 Bf6 38. Qb7 Kg7 39. Bf3 Qc4 40.
Qa7 Qe6 41. Rad1 d3 42. Qa5 Qc4 43. Qh5 d2 44. g3 Qd3 45. Kg2 Bc3 46. Kf2 Rde8
47. Qg5+ Kh8 48. Qh5 Re1 49. Qxf7 Qxf1# 0-1

[Event "18MCRE_F"]
[Site "?"]
[Date "2006.??.??"]
[Round "?"]
[White "Zahour, Jiri"]
[Black "Toman, Antonin"]
[Result "1/2-1/2"]
[WhiteElo "2320"]
[BlackElo "2248"]
[PlyCount "78"]
[EventDate "2006.??.??"]
[EventType "corr"]

1. e4 e5 2. Nf3 Nc6 3. Bb5 a6 4. Ba4 Nf6 5. O-O Be7 6. Re1 b5 7. Bb3 O-O 8. h3
Bb7 9. d3 d6 10. a3 Nb8 11. Nbd2 Nbd7 12. Nf1 Re8 13. Ng3 Nc5 14. Ba2 Ne6 15.
Ng5 Nxg5 16. Bxg5 h6 17. Be3 Bc8 18. Qf3 Be6 19. Bxe6 fxe6 20. d4 Nd7 21. d5
exd5 22. Qg4 Nf6 23. Qg6 Bf8 24. Bxh6 Qd7 25. Bg5 Nxe4 26. Nxe4 dxe4 27. Rad1
c6 28. Rxe4 Qf7 29. Qxf7+ Kxf7 30. f4 exf4 31. Rxf4+ Kg8 32. Rf3 d5 33. Kf1 Re5
34. Bd2 Rae8 35. Re1 Rxe1+ 36. Bxe1 Bd6 37. Bg3 Be7 38. Re3 Kf7 39. Bf2 Bf6
1/2-1/2

[Event "18MCRE_F"]
[Site "?"]
[Date "2006.??.??"]
[Round "?"]
[White "Laurenc, Petr"]
[Black "Prepiora, Vaclav"]
[Result "1/2-1/2"]
[WhiteElo "2484"]
[BlackElo "2414"]
[PlyCount "56"]
[EventDate "2006.??.??"]
[EventType "corr"]

1. e4 c5 2. Nf3 Nc6 3. d4 cxd4 4. Nxd4 Nf6 5. Nc3 d6 6. Bg5 e6 7. Qd2 Be7 8.
O-O-O O-O 9. f4 Nxd4 10. Qxd4 Qa5 11. Kb1 h6 12. h4 Rd8 13. Bd3 e5 14. Qf2 exf4
15. Qxf4 Qe5 16. Qxe5 dxe5 17. Bxf6 Bxf6 18. Nd5 Kf8 19. Nxf6 gxf6 20. Rdf1 Ke7
21. Rf2 Rd6 22. a3 Bd7 23. Re1 b5 24. Re3 a5 25. b3 b4 26. Kb2 Rd8 27. Rf1 Rg8
28. g3 Be6 1/2-1/2